Offshore oil and gas construction industry in South East Asia /
Saved in:
| Main Author: | |
|---|---|
| Format: | Thesis Book |
| Language: | English |
| Published: |
1994.
|
| Subjects: | |
| Tags: |
Add Tag
No Tags, Be the first to tag this record!
|
| LEADER | 00962cam a2200253 a 4500 | ||
|---|---|---|---|
| 001 | u356372 | ||
| 003 | SIRSI | ||
| 008 | 940802s1994 si v 00 1 eng m | ||
| 035 | |a ABT-4231 | ||
| 040 | |a UMM | ||
| 043 | |a as----- | ||
| 090 | |a HD9579 |b A77Lee | ||
| 100 | 1 | 0 | |a Lee, Chong Fong. |
| 245 | 1 | 0 | |a Offshore oil and gas construction industry in South East Asia / |c by Lee Chong Fong. |
| 260 | |c 1994. | ||
| 300 | |a x, 96 leaves : |b ill. ; |c 30 cm. | ||
| 502 | |a Dissertation (M.B.A.) -- National University of Singapore, 1994. | ||
| 504 | |a Bibliography: leaves 95-96. | ||
| 650 | 0 | |a Offshore oil industry. |z Asia, Southeastern |x Equipment and supplies. | |
| 650 | 0 | |a Offshore gas industry |z Asia, Southeastern |x Equipment and supplies. | |
| 650 | 0 | |a Offshore oil field equipment industry |z Asia, Southeastern. | |
| 948 | |a 02/08/1994 |b 28/10/2002 | ||
| 596 | |a 1 | ||
| 999 | |a F HD9579 A77LEE |w LC |c 1 |i A504586345 |d 22/9/2014 |e 22/9/2014 |l STACKS |m P01UTAMA |n 9 |r Y |s Y |t TESIS |u 15/10/1994 | ||
